Drugs and Behavior / An Introduction to Behavioral Pharmacology: Fifth Edition (Record no. 90)
[ view plain ]
| 000 -LEADER | |
|---|---|
| fixed length control field | 01076cam a22002054a 4500 |
| 005 - ΗΜΕΡΟΜΗΝΙΑ ΚΑΙ ΩΡΑ ΤΕΛΕΥΤΑΙΑΣ ΕΝΗΜΕΡΩΣΗΣ | |
| Πεδίο ελέγχου | 20250605163923.0 |
| 008 - FIXED-LENGTH DATA ELEMENTS--GENERAL INFORMATION | |
| Πεδίο ελέγχου σταθερού μήκους | 250528s ||||||||||||||||||||||||d |
| 035 ## - SYSTEM CONTROL NUMBER | |
| System control number | 14460 |
| 020 ## - ISBN | |
| ISBN | 130481181 |
| 040 ## - ΠΗΓΗ ΚΑΤΑΛΟΓΟΓΡΑΦΗΣΗΣ | |
| Φορέας πρωτότυπης καταλογογράφησης | MC Athens Campus Library |
| Γλώσσα καταλογογράφησης | Ελληνικά, Μοντέρνα (1453-) |
| Modifying agency | MC Athens Campus Library |
| Κανόνες περιγραφικής καταλογογράφησης | AACR2 |
| 245 1# - ΤΙΤΛΟΣ ΚΑΙ ΔΗΛΩΣΗ ΥΠΕΥΘΥΝΟΤΗΤΑΣ | |
| Τίτλος | Drugs and Behavior / An Introduction to Behavioral Pharmacology: Fifth Edition |
| 250 ## - EDITION STATEMENT | |
| Edition statement | 5th |
| 260 ## - PUBLICATION, DISTRIBUTION, ETC. | |
| Name of publisher, distributor, etc. | Prentice Hall, |
| Date of publication, distribution, etc. | 1987 |
| 300 ## - PHYSICAL DESCRIPTION | |
| Extent | 382 |
| 520 ## - SUMMARY, ETC. | |
| Summary, etc. | Preface, Some Basic Pharmacology, Research Design and the Behavioral Analysis of Drug Effects, Tolerance and Withdrawal and Sensitization and Conditioning of Drug Effects, Neurophysiology and Neurotransmitters and the Nervous System, Dependence and Addiction and the Self-Administration of Drugs, Alcohol, Tranquilizers and Sedative Hypnotics, Inhaled Substances, Tobacco and Nicotine, Caffeine and the Methylxanthines, Psychomotor Stimulants, The Opiates, Antipsychotic Drugs, Antidepressants and Mood Stabilizers, Cannabis, Hallucinogens, References, Index. |
| 700 1# - ΠΡΟΣΘΕΤΗ ΑΝΑΓΡΑΦΗ--ΦΥΣΙΚΟ ΠΡΟΣΩΠΟ | |
| Personal name | Mckim William |
| 9 (RLIN) | 137 |
| 942 ## - ADDED ENTRY ELEMENTS (KOHA) | |
| Koha item type | Books |
| Τύπος τεκμηρίου | Βιβλιοθήκη | Τρέχουσα τοποθεσία | Barcode | Αριθμός εισαγωγής | Ημερομηνία απόκτησης | Ταξιθετικό σύμβολο | Αριθμός αντιτύπου | Κατάσταση απόσυρσης | Κατάσταση χαμένου | Κατάσταση κατεστραμμένου | Μη δανεισμός | Σύνολο δανεισμών | Ημερομηνία τελευταίας εμφάνισης | Η τιμή ισχύει από |
|---|---|---|---|---|---|---|---|---|---|---|---|---|---|---|
| Books | MC Athens Campus Library | MC Athens Campus Library | 9780000000897 | 7272 | 05/06/2025 | 615/.78 MCK | 2 | 05/06/2025 | 05/06/2025 |